Transformační zadluženost zemědělských družstev

Transformačná zadlženosť - reálny problém poľnohospodárskych družstiev. Majetkové vysporiadanie. Post-transformačná majetková reštrukturalizácia. Poľnohospodárske družstvá - podnikanie. Majetkové podiely oprávnených osôb v transformovaných družstvách.

Guardado en:
Detalles Bibliográficos
Autor principal: Divila, E.
Otros Autores: Marchal, S.
Formato: Capítulo de libro
Lenguaje:checo
Materias:
Etiquetas: Agregar Etiqueta
Sin Etiquetas, Sea el primero en etiquetar este registro!

MARC

LEADER 00000naa a2200000 4500
001 r023549
005 20230912085655.9
041 0 |a cze 
044 |a CZ 
245 1 0 |a Transformační zadluženost zemědělských družstev  |c E. Divila, S. Marchal 
520 |a Transformačná zadlženosť - reálny problém poľnohospodárskych družstiev. Majetkové vysporiadanie. Post-transformačná majetková reštrukturalizácia. Poľnohospodárske družstvá - podnikanie. Majetkové podiely oprávnených osôb v transformovaných družstvách. 
610 2 0 |a družstvá poľnohospodárske 
610 2 0 |a zadlženosť 
610 2 0 |a transformácia 
610 2 0 |a Česko 
610 2 0 |a reštrukturalizácia 
610 2 0 |a podnikanie 
610 2 0 |a spoločnosti akciové 
610 2 0 |a reformy poľnohospodárske 
610 2 0 |a vlastníctvo pozemkové 
100 1 |a Divila, E. 
700 1 |a Marchal, S.